[Event "Reunion op 10th"]
[Site "St Denis"]
[Date "2008.10.16"]
[Round "6"]
[White "Ah Soune, Claudia"]
[Black "Rivolo, Anne Claire"]
[Result "0-1"]
[WhiteElo "1270"]
[BlackElo "1090"]
[PlyCount "88"]
[EventDate "2008.10.11"]
[EventType "swiss"]
[EventRounds "9"]
[EventCountry "RUF"]
[SourceTitle "EXT 2009"]
[Source "ChessBase"]
[SourceDate "2008.11.26"]
[SourceVersion "1"]
[SourceVersionDate "2008.11.26"]
[SourceQuality "1"]

1. e4 e5 2. Nf3 Nc6 3. Bb5 d5 4. Nxe5 Bd7 5. exd5 Nxe5 6. Bxd7+ Qxd7 7. 0-0 Qxd5 8. Re1 Bd6 9. Nc3 Qc6 10. d4 f6 11. d5 Qc4 12. Qh5+ g6 13. Qd1 0-0-0 14. Re4 Qc5 15. Be3 Qa5 16. Ra4 Qxa4 17. Nxa4 Nc4 18. Qd4 Nxe3 19. Qxe3 f5 20. Qd4 Nf6 21. Qxf6 Rhe8 22. h3 Re7 23. Qc3 Rde8 24. b3 Be5 25. Qc4 Bxa1 26. d6 Re1+ 27. Kh2 Be5+ 28. g3 Bxd6 29. Nc3 a6 30. b4 g5 31. b5 a5 32. b6 c6 33. Qa4 Bb4 34. Qb3 Rf1 35. Kg2 Rfe1 36. a3 Bxc3 37. Qxc3 R8e5 38. Qd2 R1e2 39. Qxg5 Rxc2 40. Qg8+ Kd7 41. Qg7+ Ke6 42. Qxb7 Ree2 43. h4 Rxf2+ 44. Kh3 Rh2# 0-1

[Event "FRA-ch U08 Girls"]
[Site "Le Grand Bornand"]
[Date "2007.04.??"]
[Round "8"]
[White "Ah Soune, Claudia"]
[Black "Le Bihan, Alison"]
[Result "0-1"]
[WhiteElo "1009"]
[BlackElo "1009"]
[PlyCount "44"]
[EventDate "2007.04.07"]
[EventType "swiss"]
[EventRounds "9"]
[EventCountry "FRA"]
[SourceTitle "CBM 118 Extra"]
[Source "ChessBase"]
[SourceDate "2007.07.04"]
[SourceVersion "1"]
[SourceVersionDate "2007.07.04"]
[SourceQuality "1"]

1. e4 e5 2. Nf3 Nc6 3. Bb5 d6 4. Bxc6+ bxc6 5. 0-0 Ba6 6. d3 Nf6 7. Bg5 Be7 8. Bxf6 Bxf6 9. Nc3 0-0 10. Re1 d5 11. d4 exd4 12. Nxd4 Bxd4 13. Qxd4 dxe4 14. Qxe4 Re8 15. Qxc6 Qc8 16. Re4 Bb7 17. Qc4 Bxe4 18. Nxe4 Qd7 19. Nc5 Qc6 20. b4 a6 21. Rd1 h6 22. Rd3 Re1# 0-1